Ostpreußens Gauleiter
| Titel: | Ostpreußens Gauleiter : Erich Koch - eine politische Biographie / Ralf Meindl |
|---|---|
| Verfasser: | |
| Veröffentlicht: | Osnabrück : fibre, 2007 |
| Umfang: | 575 Seiten : Karten |
| Format: | Buch |
| Sprache: | Deutsch |
| Schriftenreihe/ mehrbändiges Werk: |
Einzelveröffentlichungen des Deutschen Historischen Instituts Warschau ; 18 |
| Hochschulschrift: | Dissertation, Universität Freiburg, 2006 |
| RVK-Notation: |
·
|
| Andere Ausgaben: |
Erscheint auch als: Meindl, Ralf. Erich Koch, Gauleiter von Ostpreußen. - 2006
|
| ISBN: | 3938400196 ; 9783938400197 |
| Hinweise zum Inhalt: |
Inhaltstext
Klappentext Inhaltsverzeichnis |
alg: 18724310 001A $03004:31-05-07 001B $01999:21-08-25 $t09:36:13.000 001D $03004:22-10-07 001U $0utf8 001X $00 002@ $0Aau 002C $aText $btxt $2rdacontent 002D $aohne Hilfsmittel zu benutzen $bn $2rdamedia 002E $aBand $bnc $2rdacarrier 003@ $0187243107 003O $0191031771 $aOCoLC 004A $03-938400-19-6 004A $A978-3-938400-19-7 004K $09783938400197 006G $0980743761 006T $006,N35,1217 006U $009,H02,0320 $f20060803 007A $0187243107 $aHEB 007G $0DE0201F19728ECD24EE79C1257BE300385554 007T $0Herdhh187243107 009P $qtext/html $A2 $3Inhaltstext $uhttp://deposit.dnb.de/cgi-bin/dokserv?id=2841812&prov=M&dok_var=1&dok_ext=htm 009P $qapplication/pdf $A2 $3Klappentext $uhttps://scans.hebis.de/HEBCGI/show.pl?18724310_kla.pdf $mV:DE-604 009P $qapplication/pdf $A2 $3Inhaltsverzeichnis $uhttps://scans.hebis.de/HEBCGI/show.pl?18724310_toc.pdf $mV:DE-603;B:DE-Mb50 010@ $ager 011@ $a2007 $n2007 013D $RWissenschaftliche Literatur $#Dissertations, Academic $#Thèses et écrits académiques $74113937-9 $8Hochschulschrift [Ts1] $9085338818 013D $RBiograf $RLebenslauf $RBiografik $#Biographies $#Biography $#Biographies -- Histoire et critique $#Biographie $#Biographisches Nachschlagewerk $#Lebensbeschreibung $#Berühmte Persönlichkeit Biografie $#Biografisches Nachschlagewerk $74006804-3 $8Biografie [Ts1] $9085010375 021A $aOstpreußens Gauleiter $dErich Koch - eine politische Biographie $hRalf Meindl 027A $aErich Koch, Gauleiter von Ostpreußen 028A $BVerfasser $4aut $7133937968 $8Meindl, Ralf$Z1971- [Tp3] $9194981339 033A $pOsnabrück $nfibre 034D $a575 Seiten 034M $aKarten 036E $aEinzelveröffentlichungen des Deutschen Historischen Instituts Warschau $l18 036F $x218 $8Einzelveröffentlichungen des Deutschen Historischen Instituts Warschau $908372866X $l18 037C $dDissertation $eUniversität Freiburg $f2006 039D $aErscheint auch als $tErich Koch, Gauleiter von Ostpreußen $f2006 $lMeindl, Ralf 039U $aRezensiert in $8--Aox--Nolzen, Armin. Meindl, Ralf. Ostpreußens Gauleiter. - Osnabrück : fibre. - 2007 [Rezension], 2008 $9394801326 039U $aRezensiert in $8--Aox--Tilitzki, Christian. Meindl, Ralf. Ostpreußens Gauleiter. - Osnabrück : fibre. - 2007 [Rezension], 2008 $9394807529 039U $aRezensiert in $8--Oox--Lehnstaedt, Stephan$Z1980- [Tp1]. Meindl, Ralf. Ostpreußens Gauleiter. - Osnabrück : fibre. - 2007 [Rezension], 2009 $9394829840 039U $aRezensiert in $8--Aox--Schenk, Dieter$Z1937- [Tp1]. Meindl, Ralf. Ostpreußens Gauleiter. - Osnabrück : fibre. - 2007 [Rezension], 2008 $9394842235 039U $aRezensiert in $8--Oox--Köhler, Thomas. Meindl, Ralf. Ostpreußens Gauleiter. - Osnabrück : fibre. - 2007 [Rezension], 2008 $9394902149 039U $aRezensiert in $8--Oox--Roth, Markus$Z1972- [Tp3]. Meindl, Ralf. Ostpreußens Gauleiter. - Osnabrück : fibre. - 2007 [Rezension], 2008 $9394902157 039U $aRezensiert in $8--Oox--Kittel, Manfred. Meindl, Ralf. Ostpreußens Gauleiter. - Osnabrück : fibre. - 2007 [Rezension], 2008 $9394915925 039U $aRezensiert in $8--Aox--Friedrich, Klaus-Peter$Z1960- [Tp3]. Meindl, Ralf. Ostpreußens Gauleiter. - Osnabrück, 2008 $9394985982 039U $aRezensiert in $8--Aox--Schaller, Helmut Wilhelm$Z1940- [Tp1]. Meindl, Ralf. Ostpreußens Gauleiter. - Osnabrück : fibre. - 2007 [Rezension], 2010 $939508573X 044K $qDNB $#Koch, Erich $7118951890 $8Koch, Erich$Z1896-1986 [Tp1] $9087292238 044K $RNationalsozialistische Deutsche Arbeiterpartei $#Gau Ostpreußen $#Gauleitung Ostpreußen $#NSDAP-Gauleitung Ostpreußen $75162315-8 $8Nationalsozialistische Deutsche Arbeiterpartei$bGau Ostpreußen [Tb1] $9049757075 045E $c320 $c940 045F $a324.2430238092 $eDDC22ger 045F/01 $a324.2430238 045F/03 $f092 045G $a940.53370943832 $eDDC22ger 045G/01 $a940.5337 045G/03 $g43832 045H $a909 $eDDC23BSB 045H/01 $a909 045H/03 $f0904 045H/03 $g43832 045R $aGeschichte 1928-1945 045Z $8NQ 2150 [Tkv] $9410911984 045Z $8NR 7870 [Tkv] $9410927783 lok: 18724310 3 101B $026-02-18 $t14:12:16.000 101C $027-11-08 101U $0utf8 145S/01 $a039 exp: 18724310 3 1 #EPN 201B/01 $027-11-08 $t15:12:19.000 201C/01 $020-11-08 201U/01 $0utf8 203@/01 $0563680768 208@/01 $a27-11-08 $bzAa 209A/01 $a88.630.98 $du $f000 $h88 630 98 $x00 209G/01 $a88630980 $x00 247C/01 $8601000-3 <30>Frankfurt, Universitätsbibliothek J. C. Senckenberg, Zentralbibliothek (ZB) $9102598258 lok: 18724310 24 101B $022-10-07 $t13:25:33.000 101C $022-10-07 101U $0utf8 145Z/01 $a2 K 306 145Z/02 $a6 7 Mn 145Z/03 $a6 7 V exp: 18724310 24 1 #EPN 201B/01 $022-10-07 $t13:25:33.000 201C/01 $022-10-07 201U/01 $0utf8 203@/01 $0509677835 208@/01 $a22-10-07 $bz 209A/01 $a07.5155 $du $f050 $h07 5155 $x00 209C/01 $a07.5155 T $h07 5155 T 209G/01 $a71970396 $x00 220C/01 $agro 247C/01 $8358050-7Marburg, Bibliothek des Herder-Instituts Marburg $9102600961 lok: 18724310 66 exp: 18724310 66 1 #EPN 201B/01 $016-10-09 $t20:04:17.000 201U/01 $0utf8 203@/01 $0583044034 208@/01 $a15-10-09 $br 209A/01 $aG Mein/O $du $f000 $x00 209C/01 $a07/i917 244Z/01 $aJB07 $x01 244Z/01 $aOstpreußen $x02 247C/01 $8618123-5 Darmstadt, Bibliothek des Deutschen Polen-Instituts $9102600902 lok: 18724310 78 exp: 18724310 78 1 #EPN 201B/01 $021-07-21 $t22:39:02.000 201U/01 $0utf8 203@/01 $0793359171 208@/01 $a12-11-16 $be 209A/01 $a/ $f000 $x00 220C/01 $aTitelaufnehmer: gk 237A/01 $aweiterführende Signatur(en): Herder-Institut: 07.5155 244Z/01 $2Trx $#Prusy Wschodnie i Zachodnie $8--Trx--Ost- und Westpreußen $x01 $939113373X 244Z/01 $#Koch, Erich $7118951890 $8--Tp1--Koch, Erich$Z1896-1986 $x02 $9087292238 244Z/01 $2Trx $#natsionaalsotsialism 1920-1945 $#nacionalsocializmas 1920-1945 $#National Socialism 1920-1945 $#nemzetiszocializmus 1920-1945 $#narodowy socjalizm 1920-1945 $#socializmus národný 1920-1945 $#národní socialismus 1920-1945 $8--Trx--Nationalsozialismus$g1920-1945 $x03 $9391359525 244Z/01 $2Trx $#valitsus, riiklik $#valstybės valdymas $#Administration, state $#közigazgatás, állami $#administracja państwowa $#správa štátna $#správa státní $#Kreise $#Regierungsbezirke $#Wojewodschaften $#powiaty $#województwa $#gminy $#okresy $#vládne obvody $8--Trx--Verwaltung, staatliche $x04 $9391356488 244Z/01 $2Trx $#ametnikud $#valdininkai $#administrators $#alkalmazott $#urzędnicy $#úradníci $#úředníci $8--Trx--Beamte $x05 $9391380516 244Z/01 $2Trx $8--Trx--Monographie $x06 $9391384546 244Z/01 $2Trx $8--Trx--elektronische Ressource $x07 $939138452X 244Z/01 $2Trx $8--Trx--Hochschulschrift $x08 $9391384589 245Z/01 $a12.03 $x01 247C/01 $82080>Marburg/Lahn, Herder-Institut, Forschungsbibliothek, Bibliographieportal $9336309341 lok: 18724310 204 exp: 18724310 204 1 #EPN 201B/01 $017-02-12 $t16:37:27.000 201C/01 $023-06-09 201U/01 $0utf8 203@/01 $0576207128 208@/01 $a23-06-09 $bgUB 209A/01 $aVergriffen $dg $f000 $x00 247C/01 $8631000-x <26>Gießen, Universität Gießen, Universitätsbibliothek Gießen $9102596697 247E/01 $an lok: 18724310 205 exp: 18724310 205 1 #EPN 201B/01 $028-11-14 $t10:20:25.000 201C/01 $030-10-14 201U/01 $0utf8 203@/01 $0743201825 208@/01 $a28-11-14 $bz 209A/01 $a070 8 2014/12028 $du $f000 $x00 209C/01 $a1 2014/07852 209C/01 $anel1411h 209G/01 $a55538450 $x00 247C/01 $8351000-1 <4>Marburg, Universität Marburg, Universitätsbibliothek $9102594767
| LEADER | 00000cam a2200000 c 4500 | ||
|---|---|---|---|
| 001 | 187243107 | ||
| 003 | DE-603 | ||
| 005 | 20250821093613.0 | ||
| 007 | tu | ||
| 008 | 070531s2007 xx |||| m u00||u|ger | ||
| 015 | |a 09,H02,0320 |z 06,N35,1217 |2 dnb | ||
| 016 | 7 | |2 DE-101 |a 980743761 | |
| 020 | |a 3938400196 | ||
| 020 | |a 9783938400197 | ||
| 024 | 3 | |a 9783938400197 | |
| 035 | |a (DE-599)HEB187243107 | ||
| 035 | |a (OCoLC)191031771 | ||
| 040 | |a DE-603 |b ger |c DE-603 |d DE-603 | ||
| 041 | |a ger | ||
| 082 | 0 | 4 | |8 1\u |a 324.2430238092 |q DE-101 |2 22/ger |
| 083 | 0 | |8 2\u |a 940.53370943832 |q DE-101 |2 22/ger | |
| 083 | 0 | |8 3\u |a 909 |q DE-101 |2 23/BSB | |
| 084 | |a 320 |a 940 |q DE-101 |2 sdnb | ||
| 084 | |a NQ 2150 |0 (DE-625)128227: |0 (DE-603)410911984 |2 rvk | ||
| 084 | |a NR 7870 |0 (DE-625)129793: |0 (DE-603)410927783 |2 rvk | ||
| 085 | |8 1\u |b 324.2430238 | ||
| 085 | |8 1\u |z 1 |s 092 | ||
| 085 | |8 2\u |b 940.5337 | ||
| 085 | |8 2\u |z 2 |s 43832 | ||
| 085 | |8 3\u |b 909 | ||
| 085 | |8 3\u |z 1 |s 0904 | ||
| 085 | |8 3\u |z 2 |s 43832 | ||
| 100 | 1 | |a Meindl, Ralf |d 1971- |e Verfasser |4 aut |0 (DE-603)194981339 |0 (DE-588)133937968 |2 gnd | |
| 245 | 0 | 0 | |a Ostpreußens Gauleiter |b Erich Koch - eine politische Biographie |c Ralf Meindl |
| 246 | 1 | 3 | |a Erich Koch, Gauleiter von Ostpreußen |
| 264 | 1 | |a Osnabrück |b fibre |c 2007 | |
| 300 | |a 575 Seiten |b Karten | ||
| 336 | |a Text |b txt |2 rdacontent | ||
| 337 | |a ohne Hilfsmittel zu benutzen |b n |2 rdamedia | ||
| 338 | |a Band |b nc |2 rdacarrier | ||
| 490 | 1 | |a Einzelveröffentlichungen des Deutschen Historischen Instituts Warschau |v 18 | |
| 502 | |b Dissertation |c Universität Freiburg |d 2006 | ||
| 600 | 1 | 7 | |a Koch, Erich |d 1896-1986 |0 (DE-588)118951890 |0 (DE-603)087292238 |2 gnd |
| 610 | 1 | 7 | |a Nationalsozialistische Deutsche Arbeiterpartei |b Gau Ostpreußen |2 gnd |0 (DE-588)5162315-8 |0 (DE-603)049757075 |
| 648 | 7 | |a Geschichte 1928-1945 |2 gnd | |
| 655 | 7 | |a Hochschulschrift |2 gnd-content |0 (DE-588)4113937-9 |0 (DE-603)085338818 | |
| 655 | 7 | |a Biografie |2 gnd-content |0 (DE-588)4006804-3 |0 (DE-603)085010375 | |
| 776 | 0 | 8 | |i Erscheint auch als |a Meindl, Ralf |t Erich Koch, Gauleiter von Ostpreußen |d 2006 |
| 787 | 0 | 8 | |i Rezensiert in |a Nolzen, Armin |t Meindl, Ralf. Ostpreußens Gauleiter. - Osnabrück : fibre. - 2007 [Rezension] |w (DE-603)394801326 |
| 787 | 0 | 8 | |i Rezensiert in |a Tilitzki, Christian |t Meindl, Ralf. Ostpreußens Gauleiter. - Osnabrück : fibre. - 2007 [Rezension] |w (DE-603)394807529 |
| 787 | 0 | 8 | |i Rezensiert in |a Lehnstaedt, Stephan, 1980- |t Meindl, Ralf. Ostpreußens Gauleiter. - Osnabrück : fibre. - 2007 [Rezension] |w (DE-603)394829840 |
| 787 | 0 | 8 | |i Rezensiert in |a Schenk, Dieter, 1937- |t Meindl, Ralf. Ostpreußens Gauleiter. - Osnabrück : fibre. - 2007 [Rezension] |w (DE-603)394842235 |
| 787 | 0 | 8 | |i Rezensiert in |a Köhler, Thomas |t Meindl, Ralf. Ostpreußens Gauleiter. - Osnabrück : fibre. - 2007 [Rezension] |w (DE-603)394902149 |
| 787 | 0 | 8 | |i Rezensiert in |a Roth, Markus, 1972- |t Meindl, Ralf. Ostpreußens Gauleiter. - Osnabrück : fibre. - 2007 [Rezension] |w (DE-603)394902157 |
| 787 | 0 | 8 | |i Rezensiert in |a Kittel, Manfred |t Meindl, Ralf. Ostpreußens Gauleiter. - Osnabrück : fibre. - 2007 [Rezension] |w (DE-603)394915925 |
| 787 | 0 | 8 | |i Rezensiert in |a Friedrich, Klaus-Peter, 1960- |t Meindl, Ralf. Ostpreußens Gauleiter. - Osnabrück |w (DE-603)394985982 |
| 787 | 0 | 8 | |i Rezensiert in |a Schaller, Helmut Wilhelm, 1940- |t Meindl, Ralf. Ostpreußens Gauleiter. - Osnabrück : fibre. - 2007 [Rezension] |w (DE-603)39508573X |
| 810 | 2 | 2 | |a Deutsches Historisches Institut Warschau |t Einzelveröffentlichungen des Deutschen Historischen Instituts Warschau |v 18 |w (DE-603)08372866X |w (DE-600)2008788-3 |9 218 |7 as |
| 856 | 4 | 2 | |q text/html |u http://deposit.dnb.de/cgi-bin/dokserv?id=2841812&prov=M&dok_var=1&dok_ext=htm |3 Inhaltstext |
| 856 | 4 | 2 | |m V:DE-604 |q application/pdf |u https://scans.hebis.de/HEBCGI/show.pl?18724310_kla.pdf |3 Klappentext |
| 856 | 4 | 2 | |m V:DE-603;B:DE-Mb50 |q application/pdf |u https://scans.hebis.de/HEBCGI/show.pl?18724310_toc.pdf |3 Inhaltsverzeichnis |
| 924 | 0 | |9 30 |a (DE-603)563680768 |b DE-30 |c HES |d c |g 88.630.98 | |
| 924 | 0 | |9 Mb 50 |a (DE-603)509677835 |b DE-Mb50 |c HES |d c |g 07.5155 | |
| 924 | 0 | |9 Ds 123 |a (DE-603)583044034 |b DE-Ds123 |c HES |d d |g G Mein/O | |
| 924 | 0 | |9 2080 |a (DE-603)793359171 |b DE-2080 |c HES |d d |g / | |
| 924 | 0 | |9 26 |a (DE-603)576207128 |b DE-26 |c HES |d d |g Vergriffen | |
| 924 | 0 | |9 4 |a (DE-603)743201825 |b DE-4 |c HES |d c |g 070 8 2014/12028 | |


